000
00247nam a2200109Ia 4500
008
190216s9999||||xx |||||||||||||| ||und||
100
_a
Alexander Balyoyov
245
0
_a
Kadal Manushyar
260
_b
Raduga Pub
650
_a
Malayalam
942
_c
BK
999
_c
26641
_d
26641